| 000 | 04951nam a2200709 c 4500 | ||
|---|---|---|---|
| 001 | 140113 | ||
| 003 | BLK | ||
| 005 | 20250313154940.0 | ||
| 008 | 180409b bul|||||r ||||||| ||bul|| | ||
| 010 | _aKNG00146172000 | ||
| 040 | _aBLK | ||
| 041 |
_aBUL _cBUL |
||
| 072 | 7 |
_2bullib _aК _xКраезнание |
|
| 072 | 7 |
_2bullib _aА _xФонд Михаил Арнаудов |
|
| 072 | 7 |
_2bullib _aЯ _xАвтографи |
|
| 080 |
_aНационалноосвободителното движение в България (1856-1877) _b94(497.2)"1856/1877" _x(092) _z94(497.2)"1856/1877"(092) |
||
| 080 |
_aСъби Стойков Попович. Български революционер и възрожденец, революционен демократ, публицист, журналист, историк и етнограф _b929 Раковски, Георги Сава _z929 Раковски, Георги Сава |
||
| 100 |
_aРаковски, Георги Стойков _d1821 - 1867 _gРеволюционер, писател, публицист _qПопович, Съби Стойков _9365114 |
||
| 139 |
_aРаковски, Георги Стойков _bР 31 |
||
| 245 | 1 | 0 |
_aАрхив на Г. С. Раковски _bТ. 1 - _cГеорги Стойков Раковски; събр. и подг. за печат на том Георги Димов; под ред. на на том Михаил Петров Арнаудов. _nТ. 1 _pПисма и ръкописи на Раковски |
| 257 | _aBGR | ||
| 260 |
_bБАН _c1952 - _fЗа том: 1953 |
||
| 300 | _c24 см | ||
| 380 | _a9 | ||
| 490 |
_9396381 _aЧастна колекция - Академик Михаил Арнаудов _gДарение - Основен фонд |
||
| 500 | _aИзд. на БАН. Инст. за бълг. литература. - Записки на М. Арнаудов; Притурка с. от в. "Зора" бр.3990 от 19.10.1931(инв. № 321518) | ||
| 500 | _aАвтограф с текст: На проф. М. Арнаудов с най-дълбоки чувства на уважение и благодарност. София, 1 VII 1953 Г. Димов | ||
| 520 | _aПисма на Раковски до Йосиф Дайнелов на с. 70, 157, 191-196, 198-201, 203, 205, 207-210, 212, 213, 215, 217, 219-222, 224, 225, 227, 228, 230, 231, 233, 236-241, 243-245, 247, 249, 250, 254, 255, 257-258, 261, 262, 264-266, 268-271, 274, 276-278, 280, 283-289, 291, 373, 376, 383. | ||
| 600 | 1 | 4 |
_aРаковски, Георги Сава _9244444 |
| 650 | 4 |
_aНационалноосвободително движение - България - дейци _9243361 |
|
| 650 | 4 |
_aРаковски, Георги Сава _9244444 |
|
| 650 | 4 |
_aРеволюционери, български _9252105 |
|
| 650 | 4 |
_aВъзрожденци, български _9246435 |
|
| 651 | 4 |
_aБългария _9241624 |
|
| 653 | _aбългарска история | ||
| 653 | _aнационалноосвободителни движения | ||
| 653 | _aГеорги Раковски | ||
| 653 | _aбългарски писатели | ||
| 653 | _aписма | ||
| 653 | _aреволюционери | ||
| 653 | _aвъзрожденци | ||
| 653 |
_aЙосиф Дайнелов _9188068 |
||
| 659 | _aА | ||
| 659 | _aК | ||
| 659 | _aЯ | ||
| 700 | 1 |
_aДимов, Георги _eсъбр. и подг. за печат на том _9369317 |
|
| 700 | 1 |
_aАрнаудов, Михаил Петров _933558 |
|
| 760 | 1 |
_aРаковски, Георги Стойков _d1952 _hVIII, 644 с. : с факс., 1 портр. _nДруги ред. : М. Димитров, П. Динеков, Д. Косев, Л. Стоянов. - Изд. на БАН. Инст. за бълг. лит. - Фонд Михаил Арнаудов - подпис на Михаил Арнаудов ; Датиране на кн.: 4 юни 1953 ; Нар. песен, свързана с Раковски (3 л.) ; Съдържание на писмо до и от Раковски (3 л.) ; Статии от вестници, посветени на живота на Раковски ; Автограф с текст: На проф. М. Арнаудов с най-дълбоки чувства на уважение и благодарност София, 1. VІІ. 1953 г. Хр. Димов. - твърда подв. _tТ. 1 Писма и ръкописи на Раковски |
|
| 852 |
_aМА 189 _bМА |
||
| 852 | _a К 94(497.2)"1856/1877"(092)/Р 31 | ||
| 856 | 4 | _qpdf | |
| 856 | 4 | _qpdf | |
| 942 |
_cKNG _n0 _s1 |
||
| 944 |
_aCR _c17.07.2013 _lГеновева Генчева _k30560 |
||
| 944 |
_aED _c08.03.2017 _l17.07.2013 - от С1,Р / 17.07.2013 _kГеновева_Генчева |
||
| 999 |
_c140113 _d140113 |
||
| 999 | _d140113 | ||
| 999 | _d140113 | ||
| 999 | _d140113 | ||
| 999 | _d140113 | ||
| 999 | _d140113 | ||
| 999 | _d140113 | ||